000 00806nam a2200229Ia 4500
001 9958
003 GE_BSU
008 181216s||||||||xx |||||||||||||| ||und||
040 _cGE_BSU
080 _a821.353.1-32
100 _aმილორავა,ლევან
245 _aდიდი თავადი ბესარიონ ლორთქიფანიძე
245 _bმოთხრობათა სერიალი.
260 _aქუთაისი
260 _bქართული თეატრი
260 _c1999.
300 _a87გვ;14სმ.
541 _h2ლ.
653 _aდიდი თავადი ბესარიონ ლორთქიფანიძე
653 _aმოთხრობათა სერიალი.
942 _cBK
999 _c43231
_d43231